Band Members by Instrument - Blues Edition - Statistics

General Stats
  • This quiz has been taken 44 times
  • The average score is 7 of 43
Answer Stats
Album Instrument or Role Answer % Correct
King of the Delta Blues Singers (1961 - Columbia Records) Vocals, Guitar Robert Johnson
78%
Moanin' in the Moonlight (1959 - Chess Records) Guitar Willie Johnson (not "Blind Willie") / Hubert Sumlin / Jody Williams
74%
Completely Well (1969 - BluesWay Records) Vocals, Lead Guitar B.B. King
70%
Born Under a Bad Sign (1967 - Stax Records) Vocals, Lead Guitar Albert King
65%
The Definitive Collection (2006 - Chess Records / Geffen Records) - includes "I'm Your Hoochie Coochie Man" Vocals, Guitar Muddy Waters
61%
It Serves You Right to Suffer (1966 - Impulse Records) Vocals, Guitar John Lee Hooker
39%
A Man and the Blues (1968 - Vanguard Records) Vocals, Lead Guitar Buddy Guy
30%
Born Under a Bad Sign (1967 - Stax Records) Drums Al Jackson Jr.
26%
The Definitive Collection (2006 - Chess Records / Geffen Records) - includes "I'm Your Hoochie Coochie Man" Double Bass Ernest "Big" Crawford / Willie Dixon
26%
Moanin' in the Moonlight (1959 - Chess Records) Vocals, Harmonica Howlin' Wolf
26%
Born Under a Bad Sign (1967 - Stax Records) Trumpet Wayne Jackson
26%
I am the Blues (1970 - Columbia Records) Vocals, Double Bass Willie Dixon
26%
Moanin' in the Moonlight (1959 - Chess Records) Double Bass Willie Dixon
26%
Born Under a Bad Sign (1967 - Stax Records) Keyboards Booker T. Jones
22%
I am the Blues (1970 - Columbia Records) Drums Clifton James
17%
Born Under a Bad Sign (1967 - Stax Records) Bass Donald "Duck" Dunn
13%
A Man and the Blues (1968 - Vanguard Records) Drums Lonny Taylor / Fred Below
13%
Born Under a Bad Sign (1967 - Stax Records) Rhythm Guitar Steve Cropper
13%
The Definitive Collection (2006 - Chess Records / Geffen Records) - includes "I'm Your Hoochie Coochie Man" Drums Elgin Evans / Fred Below / Francis Clay
9%
The Definitive Collection (2006 - Chess Records / Geffen Records) - includes "I'm Your Hoochie Coochie Man" Guitar Jimmy Rogers
9%
The Definitive Collection (2006 - Chess Records / Geffen Records) - includes "I'm Your Hoochie Coochie Man" Harmonica Little Walter
9%
The Definitive Collection (2006 - Chess Records / Geffen Records) - includes "I'm Your Hoochie Coochie Man" Piano Otis Spann
9%
A Man and the Blues (1968 - Vanguard Records) Piano Otis Spann
9%
I am the Blues (1970 - Columbia Records) Harmonica Walter Horton
9%
Born Under a Bad Sign (1967 - Stax Records) Keyboards Isaac Hayes
4%
I am the Blues (1970 - Columbia Records) Guitar Johnny Shines
4%
I am the Blues (1970 - Columbia Records) Piano Lafayette Leake
4%
Completely Well (1969 - BluesWay Records) Keyboards Paul Harris
4%
I am the Blues (1970 - Columbia Records) Piano Sunnyland Slim
4%
Born Under a Bad Sign (1967 - Stax Records) Tenor Saxophone Andrew Love
0%
It Serves You Right to Suffer (1966 - Impulse Records) Guitar Barry Galbraith
0%
Completely Well (1969 - BluesWay Records) Horn and String Arrangements Bert "Super Charts" DeCoteaux
0%
A Man and the Blues (1968 - Vanguard Records) Saxophone Donald Hankins / Aaron Corthen / Bobby Fields
0%
Completely Well (1969 - BluesWay Records) Drums Herbie Lovelle
0%
Moanin' in the Moonlight (1959 - Chess Records) Piano Hosea Lee Kennard
0%
Completely Well (1969 - BluesWay Records) Rhythm Guitar Hugh McCracken
0%
A Man and the Blues (1968 - Vanguard Records) Bass Jack Myers
0%
Completely Well (1969 - BluesWay Records) Bass Jerry Jemmott
0%
Born Under a Bad Sign (1967 - Stax Records) Baritone Saxophone, Flute Joe Arnold
0%
It Serves You Right to Suffer (1966 - Impulse Records) Bass Milt Hinton
0%
It Serves You Right to Suffer (1966 - Impulse Records) Drums Panama Francis
0%
A Man and the Blues (1968 - Vanguard Records) Rhythm Guitar Wayne Bennett
0%
Moanin' in the Moonlight (1959 - Chess Records) Drums Willie Steele / Earl Phillips
0%
No matching quizzes found
Score Distribution
Percent of People with Each Score
Percentile by Number Answered
Your Score History
You have not taken this quiz